Comparative of soybean varieties under condition of royal university of agriculture ការប្រៀបធៀបពូជសណ្តែក ក្នុងលក្ខខណ្ឌសាកលវិទ្យាល័យភូមិន្ទកសិកម្ម (Record no. 1013)

000 -LEADER
fixed length control field 00623nam a22001577a 4500
003 - CONTROL NUMBER IDENTIFIER
control field OSt
005 - DATE AND TIME OF LATEST TRANSACTION
control field 20150921171443.0
008 - FIXED-LENGTH DATA ELEMENTS--GENERAL INFORMATION
fixed length control field 150921b xxu||||| |||| 00| 0 eng d
040 ## - CATALOGING SOURCE
Transcribing agency RUA
082 ## - DEWEY DECIMAL CLASSIFICATION NUMBER
Classification number AGR ATH 2006 B034 Or.1
100 ## - MAIN ENTRY--PERSONAL NAME
9 (RLIN) 1056
Personal name ATH, BORIN.
245 ## - TITLE STATEMENT
Title Comparative of soybean varieties under condition of royal university of agriculture ការប្រៀបធៀបពូជសណ្តែក ក្នុងលក្ខខណ្ឌសាកលវិទ្យាល័យភូមិន្ទកសិកម្ម
260 ## - PUBLICATION, DISTRIBUTION, ETC. (IMPRINT)
Place of publication, distribution, etc. Phnom penh
Name of publisher, distributor, etc. RUA
Date of publication, distribution, etc. 2006
300 ## - PHYSICAL DESCRIPTION
Extent 50p.
Other physical details ill.
Dimensions 29cm.
942 ## - ADDED ENTRY ELEMENTS (KOHA)
Source of classification or shelving scheme
Koha item type AGR
Holdings
Price effective from Date last seen Permanent Location Not for loan Date acquired Source of classification or shelving scheme Koha item type Barcode Lost status Damaged status Withdrawn status Current Location Full call number
2015-09-212015-09-21Library Block B 2015-09-21 AGRRUA002547   Library Block BAGR ATH 2006 B034 Or.1
មជ្ឈមណ្ឌលឯការនៃសាកលវិទ្យាល័យភូមិន្ទកសិកម្មចំការដូង

Powered by Koha